000 00601nam a2200193 i 4500
001 62643
003 ES-MaACL
005 20230906164715.0
007 t|
008 031124s1973 sp ||||1| spa d
100 1 _aFernández Areal, Manuel.
_949471
245 1 3 _aEl control de la prensa en España /
_cManuel Fernández Areal.
260 _a[Madrid] :
_bGuadiana,
_c[1973]
300 _a320 p. ;
_c21 cm.
490 1 _aBiblioteca de ciencias de la información
830 0 _aBiblioteca de ciencias de la información
_9230635
852 _aES-MaACL
_jC-52443
_bR.85863
999 _c62643
_d62643